000
00312nam a22001457a 4500
008
230911b ||||| |||| 00| 0 eng d
020
_a
0882020129
041
_a
eng
080
_a
101
082
_a
101STU
100
_a
44
101
_a
FILOZ
245
_a
THE COMPTON EFFECT
_c
STUEWER .H.R
942
_2
udc
_c
BK
999
_c
60319
_d
60319